[Event "Vaujany op-B 8th"]
[Site "Vaujany"]
[Date "2017.07.15"]
[Round "3.18"]
[White "Cool, Tristan"]
[Black "Kim, Yun Seo"]
[Result "0-1"]
[WhiteElo "1623"]
[BlackElo "1763"]
[PlyCount "40"]
[EventDate "2017.07.13"]
[EventType "swiss"]
[EventRounds "9"]
[EventCountry "FRA"]
[SourceTitle "EXT 2020"]
[Source "ChessBase"]
[SourceDate "2019.10.17"]
[SourceVersion "1"]
[SourceVersionDate "2019.10.17"]
[SourceQuality "1"]

1. Nf3 Nf6 2. g3 g6 3. Bg2 Bg7 4. 0-0 0-0 5. d3 d6 6. c3 c5 7. e4 Nc6 8. a4 Rb8 9. Nh4 a6 10. f4 Bd7 11. f5 b5 12. axb5 axb5 13. g4 b4 14. g5 Ne8 15. fxg6 hxg6 16. Qe1 bxc3 17. Nxc3 Nd4 18. Qf2 Nb3 19. Ra7 Nxc1 20. Rxc1 Bd4 0-1